000 00202nam a2200085Ia 4500
008 211105s9999 xx 000 0 und d
020 _a"
100 _a TIMMS, E V.
_9125869
245 0 _aFOREVER TO REMAIN
999 _c596018
_d596017